| 000 | 00796nam a22002537a 4500 | ||
|---|---|---|---|
| 999 |
_c2298 _d2298 |
||
| 001 | 2298 | ||
| 003 | BD-JhCC | ||
| 005 | 20200325134019.0 | ||
| 008 | 171031s2008 bg ao||| |||| 001 0 ben d | ||
| 020 | _a984415183X | ||
| 035 | _a(BD-JhCC)2298 | ||
| 040 |
_aBD-JhCC _dBD-JhCC |
||
| 041 | _aben | ||
| 082 |
_a861.6 _bSRE 2008 |
||
| 245 |
_aশ্রেষ্ঠ পাবলো নেরুদা / _cসংকলন ও সম্পাদনা হায়াৎ মামুদ |
||
| 260 |
_aঢাকা : _bঅবসর, _c২০০৮. |
||
| 300 |
_a১৮৩ পৃ. : _bill. ; _c২২ সেমি. |
||
| 504 | _aIncludes Index | ||
| 650 |
_aPoetry, Modern _zChildren |
||
| 650 | _aAnthology | ||
| 700 | _aমামুদ, হায়াৎ | ||
| 942 |
_2ddc _cBK _02 |
||